Twentieth century Rumania / (Record no. 19187)

MARC details
000 -LEADER
fixed length control field 00666nam a2200217Ia 4500
008 - FIXED-LENGTH DATA ELEMENTS--GENERAL INFORMATION
fixed length control field 210303s9999 xx 000 0 und d
016 ## - NATIONAL BIBLIOGRAPHIC AGENCY CONTROL NUMBER
Source reto2022b
040 ## - CATALOGING SOURCE
Original cataloging agency NLN
Language of cataloging English
100 ## - MAIN ENTRY--AUTHOR
Author FISCHER-GALATI, Stephen
Relator term aut
245 #0 - TITLE STATEMENT
Title Twentieth century Rumania /
Statement of responsibility, etc Stephen Fischer-Galati
260 ## - PUBLICATION, DISTRIBUTION, ETC. (IMPRINT)
Place of publication New York :
Name of publisher Columbia University press,
Date of publication 1970
300 ## - COLLATION
Pagination ix, 248p.
Other physical details ill., map. ;24cm
500 ## - GENERAL NOTE
General note includes bibliographical references
563 ## - BINDING INFORMATION
Binding note (pbk)
650 ## - TRACINGS
Main Subject Romania
Subdivision (1st) History
Subdivision (2nd) 20th Century
650 ## - TRACINGS
Main Subject Rumania
Subdivision (1st) Politics and government
942 ## - ADDED ENTRY ELEMENTS (KOHA)
Item type Books
050 ## - LIBRARY OF CONGRESS CALL NUMBER
Classification number DR250
Item number .F5
082 ## - DEWEY DECIMAL CLASSIFICATION NUMBER
Classification number 949.802
Holdings
Withdrawn status Lost status Source of classification or shelving scheme Damaged status Not for loan Home library Current library Date acquired Total Checkouts Full call number Barcode. Date last seen Price effective from Koha item type
    Library of Congress Classification     LAGOS BRANCH National Library of Nigeria 04/03/2021   DR250 .F5 2024-555555550997907 04/03/2021 04/03/2021 Books

National Library of Nigeria OPAC is powered by Koha